=LDR 00000nam 2200000 4500 =001 INLIS000000000028981 =005 20130612131241 =008 ***********************************ind** =035 ##$$0010-061300000028981 =041 ##$$a ind =082 ##$$a 378.19 =090 ##$$a 378.19, SET p =100 ##$$a Setiadi, Elly M =245 ##$$a Panduan kuliah pendidikan Pancasila untuk perguruan tinggi, Elly M. Setiadi =260 ##$$a 2003 $b Jakarta =300 ##$$a 192 hlm., 23 cm =650 ##$$a Pancasila =650 ##$$a Studi dan Pengajaran =850 ##$$a NBPNMAT